Statistiken für 100 größte deutschsprachige Städte

Klicken Sie hier um das Quiz zu spielen!

Allgemein

  • Dieses Quiz wurde 243 mal gespielt
  • Das Durchschnittsergebnis liegt bei 53 aus 101

Antwortstatistiken

#LandEinwohnerBallungsgebiet% Korrekt
2DE4.477.300Berlin
98%
3DE2.492.100Hamburg
97%
4DE2.453.500Köln - Bonn
97%
5AT2.260.043Wien
96%
6DE2.012.600München
95%
1DE4.497.800Ruhrgebiet
92%
7DE1.525.500Frankfurt am Main
91%
12DE899.200Bremen
88%
9CH1.131.860Zürich
88%
8DE1.362.300Stuttgart
87%
15DE792.000Dresden
86%
17DE675.900Leipzig
85%
29CH311.405Bern
84%
10DE981.500Düsseldorf
83%
30DE310.100Kiel
81%
11DE904.400Nürnberg - Erlangen
81%
41AT231.280Salzburg
81%
16DE787.400Hannover
80%
21DE464.200Wiesbaden - Mainz
78%
13DE885.800Mannheim - Ludwigshafen -
Heidelberg
77%
48DE195.900Erfurt
76%
45DE220.900Rostock
76%
25DE406.600Augsburg
74%
22CH420.608Basel
72%
40DE233.200Magdeburg
72%
28AT352.388Graz
71%
96CH87.608Biel
70%
23DE408.500Chemnitz
69%
44AT229.173Innsbruck
69%
18DE644.900Saarbrücken - Neunkirchen
68%
19DE540.900Bielefeld - Gütersloh
67%
39DE240.900Braunschweig
67%
20DE538.400Aachen
66%
34AT273.387Linz
66%
53DE178.600Ulm
66%
36DE247.900Halle (Saale)
65%
32DE294.600Münster
65%
37DE245.200Lübeck
64%
38DE242.200Freiburg im Breisgau
63%
24DE407.300Karlsruhe
63%
33DE283.800Kassel
63%
81DE108.800Wolfsburg
63%
82DE108.400Jena
62%
51LU181.764Luxemburg
62%
43DE230.000Regensburg
62%
35DE259.200Osnabrück
60%
49DE195.100Darmstadt
58%
60DE144.800Ingolstadt
58%
31DE297.500Koblenz - Neuwied
58%
90DE99.900Schwerin
58%
68DE133.400Trier
57%
14DE860.000Wuppertal
54%
57DE162.600Würzburg
54%
88DE101.600Cottbus
53%
64DE136.600Bremerhaven
52%
86DE105.800Flensburg
52%
27DE368.200Mönchengladbach
52%
56DE167.300Paderborn
52%
79DE111.400Kaiserslautern
51%
76AT116.564Klagenfurt
51%
42DE230.100Oldenburg
51%
97DE89.800Gera
50%
46CH200.623Luzern
50%
72DE122.500Göttingen
46%
47DE199.900Siegen
42%
52DE179.700Heilbronn
40%
69CH128.304St. Gallen
40%
26DE403.500Hagen - Iserlohn
39%
54DE178.500Hamm
39%
71DE123.300Zwickau
39%
92DE92.400Bamberg
38%
100DE84.700Fulda
38%
55AT167.921Bregenz
37%
80DE108.900Gießen
36%
87DE105.500Hildesheim
35%
58DE157.600Reutlingen
34%
85IT107.025Bozen
32%
59DE146.100Pforzheim
32%
70CH124.609Winterthur
31%
84DE107.500Aschaffenburg
29%
62DE141.100Rosenheim
29%
99DE87.300Worms
25%
83CH108.138Baden - Brugg
24%
89DE100.400Lüneburg
24%
93LU93.908Esch an der Alzette
20%
94AT90.970Wels
20%
91DE96.700Landshut
19%
74CH118.938Zug
19%
100DE84.700Neumünster
17%
75DE117.300Düren
16%
78DE114.300Minden
14%
77AT115.347Feldkirch
12%
98DE88.300Ravensburg - Weingarten
12%
65DE136.500Göppingen
11%
50DE184.500Herford - Bünde
9%
67DE135.000Böblingen - Sindelfingen
8%
61DE141.600Rüsselsheim am Main
8%
95CH97.402Olten - Zofingen
6%
63DE140.100Gummersbach
4%
73DE119.900Bad Oeynhausen - Löhne -
Vlotho
3%
65DE136.500Nürtingen - Kirchheim unter
Teck
3%

Verteilung der Resultate

Perzentil nach korrekt beantworteten Fragen

Anzahl Personen mit jedem Resultat

Ihre Resultats-Entwicklung

Sie haben dieses Quiz noch nicht gespielt